Statistiques concernant Pays les plus proches de Japon - une minute sprint

Cliquez ici pour prendre le quiz!

Statistiques générales

  • Ce quiz a été pris 163 fois
  • Le résultat moyen est 15 sur 20

Statistiques - réponses

kmpays% Correct
331Chine
98%
420Corée du Nord
98%
50Corée du Sud
98%
43Russie
94%
1558Viêt Nam
93%
1864Laos
91%
107Taïwan
90%
2041Thaïlande
89%
1943Cambodge
83%
2192Indonésie
83%
568Philippines
82%
1640Mongolie
78%
2578Inde
77%
1984Malaisie
74%
2251Birmanie
66%
3073Bangladesh
50%
2309Brunei
45%
2195Etats-Unis
40%
2136Micronésie
33%
2128Palaos
22%

Distribution des résultats

Percentile par nombre de réponses

% des personnes avec chaque résultat

Votre développement - résultats

Vous n’avez pas pris ce quiz